Encyclopedia of Hebrew language and linguistics

Bibliographic Details
Other Authors: Khan, Geoffrey (Editor), Bolokzy, Shmuel (Editor)
Format: Book
Language:English
PhysicalDescription:xiv, 940-1038, 113 s. faks., fotogr., ilustr., tab. 28 cm
Published: Leiden Boston Brill 2013
ISBN:9789004176423 (viaz.)
Subjects:

MARC

LEADER 00000nam a2200000 a 4500
001 vtls010575468
003 SK-MaSNL
005 20260301090418.0
008 160429s2013 ne a g e 000 0 eng
020 |a 9789004176423 (viaz.) 
040 |a SNK  |b slo  |c SNK  |e AACR2 
041 0 |a eng 
044 |a ne  |c NL  |a xxu  |c US 
072 7 |a 811.411.16  |x hebrejčina  |2 konspekt 
072 7 |a 81  |x Lingvistika. Jazyky  |2 konspekt 
080 |a 811.411.16  |2 2001 
080 |a 81`1  |2 2001 
080 |a (031)  |2 2001 
245 0 0 |a Encyclopedia of Hebrew language and linguistics  |c general editor: Geoffrey Khan ; associate editors Shmuel Bolokzy ... [et al.] 
260 |a Leiden  |a Boston  |b Brill  |c 2013 
300 |a xiv, 940-1038, 113 s.  |b faks., fotogr., ilustr., tab.  |c 28 cm 
505 |a Vol. 1, A-F, xiv, 940 s. -- Vol. 2, G-O, viii, 971 s. -- Vol. 3, P-Z, viii, 1038 s. -- Vol. 4, Index, viii, 113 s. 
650 0 7 |a hebrejčina  |2 SNKPH  |9 1387 
650 0 7 |a lingvistika  |2 SNKPH  |9 860 
650 0 7 |a Hebrew language  |2 SNKPHeng  |9 418141 
650 0 7 |a Linguistics  |2 SNKPHeng  |9 265222 
655 7 |a encyklopédie  |2 SNKPH  |9 28776 
655 7 |a Encyclopedias  |2 SNKPHeng  |9 90422 
700 1 |a Khan, Geoffrey  |4 edt  |9 418142 
700 1 |a Bolokzy, Shmuel  |4 edt  |9 418143 
919 |a 978-90-04-17642-3 
999 |c 668113  |d 670043 
952 |a SNK  |b SNK  |y VYP  |7 0  |p 17A1103808  |o snkIB 72816/1  |i snk2014/4106  |8 3  |g 266.75  |z Volume I  |0 0  |1 0  |4 0  |d 2014-02-10  |l 0  |r 2026-02-23 19:16:44  |w 2026-02-23 
952 |a SNK  |b SNK  |y VYP  |7 0  |p 17A1103809  |o snkIB 72816/2  |i snk2014/4107  |8 3  |g 266.75  |z Volume II ;   |0 0  |1 0  |4 0  |d 2014-02-10  |l 0  |r 2026-02-23 19:16:44  |w 2026-02-23 
952 |a SNK  |b SNK  |y VYP  |7 0  |p 17A1104352  |o snkIB 72816/3  |i snk2014/4108  |8 3  |g 266.75  |z Volume III  |0 0  |1 0  |4 0  |d 2014-02-10  |l 0  |r 2026-02-23 19:16:44  |w 2026-02-23 
952 |a SNK  |b SNK  |y VYP  |7 0  |p 17A1104470  |o snkIB 72816/4  |i snk2014/4109  |8 3  |g 266.75  |z Volume IV  |0 0  |1 0  |4 0  |d 2014-02-10  |l 0  |r 2026-02-23 19:16:44  |w 2026-02-23